<?xml version="1.0" encoding="UTF-8"?>
<record
    xmlns:xsi="http://www.w3.org/2001/XMLSchema-instance"
    xsi:schemaLocation="http://www.loc.gov/MARC21/slim http://www.loc.gov/standards/marcxml/schema/MARC21slim.xsd"
    xmlns="http://www.loc.gov/MARC21/slim">

  <leader>02141nam a22003137a 4500</leader>
  <datafield tag="999" ind1=" " ind2=" ">
    <subfield code="c">21722</subfield>
    <subfield code="d">21722</subfield>
  </datafield>
  <controlfield tag="003">AR-CdUCM</controlfield>
  <controlfield tag="008">190425b           ||||| |||| 00| 0 spa d</controlfield>
  <datafield tag="040" ind1=" " ind2=" ">
    <subfield code="a">MUNICIPALIDAD PROVINCIAL DEL CUSCO</subfield>
    <subfield code="c">BIBLIOTECA MUNICIPAL DEL CUSCO</subfield>
  </datafield>
  <datafield tag="082" ind1=" " ind2=" ">
    <subfield code="a">Rev.Univ/N&#xB0;60/1931</subfield>
    <subfield code="b">Rev.Univ/N&#xB0;60/1931</subfield>
  </datafield>
  <datafield tag="110" ind1=" " ind2=" ">
    <subfield code="a">Universidad Nacional de San Antonio Abad del Cusco</subfield>
    <subfield code="9">15942</subfield>
  </datafield>
  <datafield tag="245" ind1=" " ind2=" ">
    <subfield code="a">Revista Universitaria :</subfield>
    <subfield code="b">&#xD3;rgano de la Universidad Menor del Cuzco fundada en 1692 /</subfield>
  </datafield>
  <datafield tag="260" ind1=" " ind2=" ">
    <subfield code="a">Cusco :</subfield>
    <subfield code="b">H. G. Rozas,</subfield>
    <subfield code="c">julio 1931.</subfield>
  </datafield>
  <datafield tag="300" ind1=" " ind2=" ">
    <subfield code="a">200 p&#xE1;ginas. :</subfield>
    <subfield code="c">20 cm.</subfield>
  </datafield>
  <datafield tag="440" ind1=" " ind2=" ">
    <subfield code="a">Revista Universitaria</subfield>
    <subfield code="n">A&#xF1;o XX, 1&#xB0; semestre 1931, N&#xB0;60</subfield>
    <subfield code="9">45860</subfield>
  </datafield>
  <datafield tag="505" ind1=" " ind2=" ">
    <subfield code="a">Contenido: El Inca Garcilaso de la Vega. Fortunato L. Herrera. -- Raza y lengua probables de la civilizaci&#xF3;n de Tiahuanaco. Jos&#xE9; de la Riva Ag&#xFC;ero. -- Antonio Lorena, su labor bot&#xE1;nico. Fortunato L. Herrera. -- Spermatophytes, Mostly Peruvian. Francisco Macbride. -- Studien zu einer monographie del  Lobelioideen. F. E. Wimmer. -- Musgos de la convenci&#xF3;n. C. Bues. -- Algunas Goccidae de la Convenci&#xF3;n. Ingro. C. Bues. -- Una antigua ciudad de los Incas. Federico Ponce de Le&#xF3;n. -- Estudios sobre la flora  del departamento de Cuzco. Fortunato L. Herrera. -- Algunos materiales para la Antropolog&#xED;a del Cusco. Antonio Lorena. -- Un important&#xED;simo muro Inca en Calca. V&#xED;ctor M. Guillen. -- Caros Fry. Bot&#xE1;nica  Cuzque&#xF1;a. Fortunato L. Herrera. -- Riquezas Cusque&#xF1;as del Oriente cusque&#xF1;o. Carlos Fry. -- La lengua y la literatura quechuas. Jos&#xE9; Gabriel Cosi&#xF3;. -- Documentos oficiales. -- Museos. -- Relaci&#xF3;n de obras y publicaciones recibidas por la Universidad.      </subfield>
  </datafield>
  <datafield tag="650" ind1=" " ind2=" ">
    <subfield code="a">Inca Gacilaso de la Vega </subfield>
    <subfield code="9">45861</subfield>
  </datafield>
  <datafield tag="650" ind1=" " ind2=" ">
    <subfield code="a">Tiawanaku</subfield>
    <subfield code="9">34996</subfield>
  </datafield>
  <datafield tag="650" ind1=" " ind2=" ">
    <subfield code="a">Bot&#xE1;nica cusque&#xF1;a</subfield>
    <subfield code="9">45807</subfield>
  </datafield>
  <datafield tag="650" ind1=" " ind2=" ">
    <subfield code="a">Inkas</subfield>
    <subfield code="9">1899</subfield>
  </datafield>
  <datafield tag="650" ind1=" " ind2=" ">
    <subfield code="a">Antropolog&#xED;a cusque&#xF1;a</subfield>
    <subfield code="9">45862</subfield>
  </datafield>
  <datafield tag="650" ind1=" " ind2=" ">
    <subfield code="a">Literatura quechua</subfield>
    <subfield code="9">7789</subfield>
  </datafield>
  <datafield tag="700" ind1=" " ind2=" ">
    <subfield code="a">Fortuna L. Herrera</subfield>
    <subfield code="9">45863</subfield>
  </datafield>
  <datafield tag="700" ind1=" " ind2=" ">
    <subfield code="a">Antonio  Lorena</subfield>
    <subfield code="9">45864</subfield>
  </datafield>
  <datafield tag="700" ind1=" " ind2=" ">
    <subfield code="a">Guillen M. V&#xED;ctor</subfield>
    <subfield code="9">45865</subfield>
  </datafield>
  <datafield tag="700" ind1=" " ind2=" ">
    <subfield code="a">Jos&#xE9; Gabriel Cosio </subfield>
    <subfield code="9">45866</subfield>
  </datafield>
  <datafield tag="710" ind1=" " ind2=" ">
    <subfield code="a">Universidad Nacional de San Antonio Abad del Cusco</subfield>
    <subfield code="9">15942</subfield>
  </datafield>
  <datafield tag="942" ind1=" " ind2=" ">
    <subfield code="2">ddc</subfield>
    <subfield code="c">PP</subfield>
  </datafield>
  <datafield tag="945" ind1=" " ind2=" ">
    <subfield code="a">puh</subfield>
  </datafield>
  <datafield tag="952" ind1=" " ind2=" ">
    <subfield code="0">0</subfield>
    <subfield code="2">ddc</subfield>
    <subfield code="4">0</subfield>
    <subfield code="7">0</subfield>
    <subfield code="a">HEM</subfield>
    <subfield code="b">HEM</subfield>
    <subfield code="c">CART</subfield>
    <subfield code="d">2021-04-22</subfield>
    <subfield code="g">10.00</subfield>
    <subfield code="o">Rev.Univ/N&#xB0;60/1931</subfield>
    <subfield code="p">REVC000081</subfield>
    <subfield code="r">2021-04-22</subfield>
    <subfield code="y">PP</subfield>
  </datafield>
</record>
